000 00632nam a2200193Ii 4500
001 12513
003 CO-ViMGA
008 241108s9999||||xx |||||||||||||| ||und||
040 _aCO-ViMGA
_bspa
_erda
_cCO-ViMGA
041 0 _aunk
082 0 4 _aC866-E64e
245 1 0 _aEpistolario de Angel y Rufino José Cuervo con Rafael Pombo
264 1 _a[Lugar de publicación no identificado] : Imprenta Patriótica del Instituto Caro y Cuervo, 1974
300 _avolumen
336 _atext
_btxt
_2rdacontent
337 _aunmediated
_bn
_2rdamedia
338 _avolume
_bnc
_2rdacarrier
940 _aidficha_siabuc: 12221. -- ficha_no_siabuc:12513
999 _c56096
_d56096